| 000 | 01091nam a22002177a 4500 | ||
|---|---|---|---|
| 008 | 110519s2011 ua|||||r|||| 000 0 ara d | ||
| 020 | _a9789773771278 | ||
| 082 |
_222 _a332.645 _bد و ي |
||
| 100 |
_923933 _aدويبز، بيير م |
||
| 245 |
_aالمضاربة في البورصة : _bالإستراتيجيات المثلى التي تحقق بها النجاح في السوق دائمًا / _cتاليف بيير م. دويبز؛ ترجمة حسام الشيمي |
||
| 260 |
_aالقاهرة : _bمجموعة النيل العربية، 2011 _c2011 |
||
| 300 |
_a270 ص ؛ _c24 سم |
||
| 500 | _aصدر باللغة الألمانية بعنوان: Die Besten Trading Strategien/ by Pierre M. Daeubner | ||
| 650 |
_923935 _aالمضاربات (مالية) |
||
| 650 |
_923936 _aالبورصات |
||
| 650 |
_923937 _aالاستثمار |
||
| 653 |
_bEco _cMay2011 |
||
| 700 |
_923934 _aالشيمي، حسام |
||
| 942 |
_2ddc _cBB |
||
| 999 |
_c15328 _d15328 |
||